| 000 | 00694nam a22002057a 4500 | ||
|---|---|---|---|
| 999 |
_c18734 _d18734 |
||
| 003 | AR-CdUCM | ||
| 008 | 190410b ||||| |||| 00| 0 spa d | ||
| 040 |
_aMUNICIPALIDAD PROVINCIAL DEL CUSCO _cBIBLIOTECA MUNICIPAL DEL CUSCO |
||
| 082 |
_a869.503 / _bM26 |
||
| 245 |
_aMaría Nieves y los cuentos ganadores del premio copé 1992 : _bPremios copé de cuento 1992 / |
||
| 260 |
_aLima : _bPetroperu, _c1994. |
||
| 300 |
_a303 paginas ; _bIlustraciones, Graficos, Dibujos, _c20 cm. |
||
| 500 | _aCuentos e histtorias | ||
| 650 |
_aCuentos _9217 |
||
| 650 |
_aHistorias _92725 |
||
| 650 |
_aPremio Copé _930878 |
||
| 650 |
_aLiteratura _983 |
||
| 942 |
_2ddc _cLIBROS |
||
| 945 |
_apjha _d2019-05-15 |
||